| 000 | 00700nam a22002057a 4500 | ||
|---|---|---|---|
| 005 | 20150515121819.0 | ||
| 010 | _aENG-112299 | ||
| 020 |
_a9781138846289 _c795.00 |
||
| 035 | _aEN-95831 | ||
| 037 | _bDBAD/PUB | ||
| 082 | _a304.82 | ||
| 100 | _aZachariah, K.C. | ||
| 245 |
_aResearching internantional migration : _blessons from the Kerala experience / _cby K.C. Zachariah [and] S. Irudaya Rajan |
||
| 260 |
_aNew Delhi _bRoutledge _c2015 |
||
| 270 |
_a912,Tolstoy House, 15-17 Tolstoy Marg, Connaught Place _bNew Delhi _e110001 |
||
| 300 |
_axiv,272p. : _c22cm(Hb) _bill. |
||
| 500 | _aIncludes bibliographical references and index | ||
| 700 | _aRajan, S. Irudaya | ||
| 942 |
_2ddc _cEN _m ZAC _k304.82 |
||
| 999 |
_c91952 _d91952 |
||